HELPFUL LITTLE MECHANIC (Record no. 4250)
[ view plain ]
| 000 -LEADER | |
|---|---|
| fixed length control field | 00277nam a22001217a 4500 |
| 020 ## - INTERNATIONAL STANDARD BOOK NUMBER | |
| ISBN | 0-7214-1994-1 |
| 082 ## - DEWEY DECIMAL CLASSIFICATION NUMBER | |
| Classification number | 823 |
| Item number | EUS/H |
| 100 ## - MAIN ENTRY--AUTHOR NAME | |
| Personal name | EUSTACE, MARGARET |
| 245 ## - TITLE STATEMENT | |
| Title | HELPFUL LITTLE MECHANIC |
| 260 ## - PUBLICATION, DISTRIBUTION, ETC. (IMPRINT) | |
| Place of publication | ENGLAND |
| Name of publisher | LADYBIRD |
| 650 ## - SUBJECT ADDED ENTRY--TOPICAL TERM | |
| Topical Term | ENGLISH SHORT STORY |
| Geographic subdivision | UK |
| 942 ## - ADDED ENTRY ELEMENTS (KOHA) | |
| Koha item type | Books |
| Withdrawn status | Lost status | Collection code | Home library | Current library | Shelving location | Date acquired | Source of acquisition | Full call number | Accession Number | Koha item type |
|---|---|---|---|---|---|---|---|---|---|---|
| Fiction | Main Library | Main Library | SHELF-3-H-LADYBIRD STORY BOOKS | 19/03/2014 | PURCHASE | 823 EUS/H | 06820 | Books |